|
|
|
|
| LEADER |
00000cam a2200000 a 4500 |
| 001 |
vtls001114768 |
| 003 |
SK-MaSNL |
| 005 |
20260301153607.0 |
| 008 |
250313s1979 xo f p 001 0 slo |
| 015 |
|
|
|a SNBA1979
|
| 035 |
|
|
|a SNK000057611
|
| 035 |
|
|
|a urn:nbn:sk:snk-amk299
|
| 035 |
|
|
|a urn:nbn:sk:snk-am0086ry
|
| 035 |
|
|
|a 7971D6E3-71D7-4E92-99B4-274E61908906
|
| 040 |
|
|
|a SNK
|b slo
|c SNK
|e AACR2
|
| 041 |
0 |
|
|a slo
|
| 044 |
|
|
|a xo
|c SK
|
| 080 |
|
|
|a 510.6
|2 2011
|
| 080 |
|
|
|a (075.8)
|2 2011
|
| 100 |
1 |
|
|a Korec, Ivan,
|d 1943-1998
|4 aut
|9 39835
|
| 245 |
1 |
0 |
|a Predikátový počet prvého rádu s funkciami
|c Ivan Korec
|
| 250 |
|
|
|a 1. vyd.
|
| 260 |
|
|
|a Bratislava
|b Univerzita Komenského, Prírodovedecká fakulta
|c 1979
|
| 300 |
|
|
|a 140 s.
|c 29 cm
|
| 366 |
|
|
|e 250 výt.
|
| 490 |
1 |
|
|a Vysokoškolské skriptá
|
| 500 |
|
|
|a Brožovaná
|
| 504 |
|
|
|a Bibliogr.: s. 138 ; reg.
|
| 650 |
0 |
7 |
|a matematická logika
|2 SNKPH
|9 50083
|
| 650 |
0 |
7 |
|a Mathematical logic
|2 SNKPHeng
|9 402976
|
| 655 |
|
7 |
|a učebnice vysokých škôl
|2 SNKPH
|9 70191
|
| 655 |
|
7 |
|a Textbooks (higher)
|2 SNKPHeng
|9 276436
|
| 830 |
|
0 |
|a Vysokoškolské skriptá
|9 276440
|
| 852 |
|
|
|a Slovenská národná knižnica
|
| 958 |
|
|
|a OND
|
| 958 |
|
|
|a NB
|
| 999 |
|
|
|c 793639
|d 795569
|
| 952 |
|
|
|t P60, <04>, [BOOK], {604}
|a SNK
|b SNK
|y VYP
|7 0
|p 17A0064669
|o snkSB 27994 D1
|i snkKSP 2336/79
|0 0
|1 0
|4 0
|d 1997-05-06
|l 0
|r 2004-12-31 00:00:00
|w 2026-02-24
|
| 952 |
|
|
|a SNK
|b SNK
|y PREZ
|7 0
|p 17A0971705
|o snkSB 27994
|i snkKSP 2335/79
|0 0
|1 0
|4 0
|d 2012-07-25
|f 1
|l 0
|r 2025-04-01 00:00:00
|w 2026-02-24
|